00503nam a22001817a 450000500170000001000150001702000260003203500140005803700130007208200120008510000170009724500640011426000400017827000440021830000250026250000190028770000150030620161129115444.0 aENG-116693 a9788184846126c580.00 aEN-100225 bDBAD/PUB a320.954 aRavindran,V. aIndian poltical market /c by V. Ravindran [and] Anita Nair aNew DelhibRegal Publicationsc2016 aF-159 Rajouri GardenbNew Delhie110027 axii,124p. c23cm(Hb) aIncludes index aNair,Anita